00221nam a2200097Ia 4500008004100000100000900041245004000050260000900090942000700099999001700106190216s9999||||xx |||||||||||||| ||und|| aNull 0aHindi-Hindi Athiya Upanyas Sahithya bNull cBK c17493d17493